000 00677nam a2200241Ia 4500
003 OSt
005 20221005095023.0
006 a|||||r|||| 00| 0
007 ta
008 221004b |||||||| |||| 00| 0 eng d
024 _a67486
037 _cTextual
040 _aCRL
_cCRL
_beng
041 _2eng
_aeng
082 _aV73.N80<--K07, M3
100 _aJones Maldwyn A.
245 0 _aLimits of liberty
_b American history 1607-1980
260 _aOxford
_bOxford University UK
_c1983
300 _a680p.
_ccm.
650 _aUNITED STATES - HISTORY
_931585
942 _hV73.N80<--K07, M3
_cTEXL
_2cc
999 _c1002863
_d1002863